| 000 | 02713nam a2200325Ia 4500 | ||
|---|---|---|---|
| 999 |
_c52711 _d52711 |
||
| 001 | 19736 | ||
| 003 | GE_BSU | ||
| 005 | 20200416000400.0 | ||
| 008 | 181216s2014||||ge |||||||||||||| ||geo|| | ||
| 020 | _a9789941068393 | ||
| 040 | _cGE_BSU | ||
| 041 | _ageo | ||
| 080 | _a77.04(479.22) წ-50 | ||
| 100 |
_aწიბახაშვილი, გ. (გურამ) _97911 |
||
| 245 |
_aUlyss : _b[ფოტოალბომი] / _cმთარგმნ. და რედ. თამარ სულამანიძე ; გიორგი კეკელიძე ტექსტ. ავტ. , ზურაბ ქარუმიძე ტექსტ. ავტ. , ხათუნა ხაბულიანი ტექსტ. ავტ. , შალვა ყიფშიძე ტექსტ. ავტ. , გურამ კაპანაძე ტექსტ. ავტ. ხ. (ხათუნა), ტექსტ. ავტ. ყიფშიძე, შ. (შალვა) ტექსტ. ავტ. , კაპანაძე, გ. (გურამ) ტექსტ. ავტ. |
||
| 264 |
_aთბილისი : _bსაქართველოს პარლამენტის ეროვნული ბიბლიოთეკა, _c2014. |
||
| 300 |
_a196 გვ. ; _bფოტ. ; _c18 სმ. |
||
| 500 | _aტექსტი ქართ. და ინგლ.პროექტის მხარდამჭერი : ააიპ "პილოტები" | ||
| 520 | _aტექსტი ქართ. და ინგლ.პროექტის მხარდამჭერი: ააიპ "პილოტები". | ||
| 653 | _aფოტოგრაფია | ||
| 653 | _aქართული მხატვრული ფოტოგრაფია | ||
| 700 |
_aსულამანიძე, თამარ _eმთარგმნელი და რედაქტორი _97912 |
||
| 700 |
_aკეკელიძე, გ. (გიორგი) _eტექსტის ავტორი _97913 |
||
| 700 |
_aქარუმიძე, ზ. (ზურაბ) _eტექსტის ავტორი _97914 |
||
| 700 |
_aხაბულიანი, ხ. (ხათუნა) _eტექსტის ავტორი _97915 |
||
| 700 |
_aყიფშიძე, შ. (შალვა) _eტექსტის ავტორი _97916 |
||
| 700 |
_aკაპანაძე, გ. (გურამ) _eტექსტის ავტორი _97917 |
||
| 710 |
_aსაქართველოს პარლამენტის ეროვნული ბიბლიოთეკა _97897 |
||
| 942 |
_cBK _2udc |
||